[Event "Ubeda"]
[Site "Ubeda"]
[Date "1997.02.17"]
[Round "8"]
[White "Leko, Peter"]
[Black "Almasi, Zoltan"]
[Result "1/2-1/2"]
[WhiteElo "2600"]
[BlackElo "2595"]
[Annotator "Mikhalevski,V"]
[PlyCount "51"]
[EventDate "1997.02.07"]
[EventType "tourn"]
[EventRounds "11"]
[EventCountry "ESP"]
[EventCategory "16"]
[SourceTitle "CBM 058"]
[Source "ChessBase"]
[SourceDate "1997.06.01"]
[SourceVersion "1"]
[SourceVersionDate "1997.06.01"]
[SourceQuality "1"]

1. e4 e5 2. Nf3 Nc6 3. d4 exd4 4. Nxd4 Nf6 5. Nxc6 bxc6 6. e5 Qe7 7. Qe2 Nd5 8.
c4 Ba6 9. g3 (9. Qe4 Nf6 10. Qe2 Nd5 11. g3 g6 12. b3 Bg7 13. Bb2 O-O 14. Bg2
Rfe8 15. O-O Nb6 16. Re1 Rab8 17. Qc2 f6 (17... Qb4 {The same position but two
moves earlier has occuried in the game Messina,I-Ginzburg,M/EU-chJM U14
Verdun1995}) 18. e6 c5 19. a4 dxe6 20. a5 Nd7 21. Nc3 Nf8 22. Rad1 Bb7 23. Bxb7
Rxb7 24. Ba3 f5 25. Na4 Nd7 26. Rxd7 Qxd7 27. Nxc5 Qc6 28. Nxb7 Qxb7 29. Qd3
Qc6 30. Rd1 Rb8 31. b4 a6 {1/2-1/2 Stoljarov,S-Ginzburg,M/EU-chJM U16 Rimavska
Sobota 1996}) 9... g6 10. b3 Bg7 11. Bb2 O-O (11... O-O-O 12. Bg2 Rhe8 13. O-O
Bxe5 14. Qxe5 Qxe5 15. Bxe5 Rxe5 16. cxd5 Bxf1 17. Kxf1 cxd5 18. Nc3 c6 19. Rc1
Kb8 20. Bf3 Rde8 21. h4 h6 22. Na4 Kc7 23. Nc5 Kd6 24. Nb7+ Kc7 25. Nc5 Kd6 26.
Nb7+ {1/2-1/2 Relange,E-Mikhalevski,V/EUCup f 1996}) 12. Bg2 Rfe8 (12... Rae8
13. O-O Bxe5 14. Qxe5 Qxe5 15. Bxe5 Rxe5 16. cxd5 Bxf1 17. Kxf1 cxd5 18. Nc3 c6
19. Na4 $1 $14 {Rublevsky,S-Nikolic,P/Polanica Zdroj/1996/1:0/50/} (19. Rd1 $5
{/\Rd1-d4-a4} f5 $13 {1-0 Berthelot,Y-Marciano,D/FRA-chT 1992 (40)})) 13. O-O
Bxe5 (13... Rad8 $5 14. Qd2 Nb6 15. f4 d5 16. Qa5 Bxc4 $1 17. Rc1 (17. bxc4
Nxc4 18. Qc3 Nxb2 19. Qxb2 f6 $1 $44) 17... Be2 18. Rxc6 $13 {0-1 Schmedders,
H-Roesner,H/NRW-II 1996 (33)}) (13... Rab8 14. Re1 Nb6 15. Qc2 Qb4 (15... f6 {
See Stoljarov,S-Ginzburg,M/EU-chJM U16 Rimarska Sobota 1996}) 16. Nd2 Na4 17.
a3 Qb6 18. b4 Nxb2 19. Qxb2 c5 20. b5 Bb7 21. a4 Bxg2 22. Kxg2 d6 23. f4 Rbd8
24. Nf3 Qb7 25. Rad1 dxe5 26. Rxd8 Rxd8 27. fxe5 c6 28. Qe2 cxb5 29. axb5 h6 {
1/2-1/2 Messina,I-Ginzburg,M/EU-chJM U14 Verdun 1995}) ({Shipov} 13... Nb6 14.
Re1 d5 (14... f6 15. e6 $5) 15. Qc2 Qc5 16. Nd2 Rad8 (16... dxc4 17. Rac1 $36)
17. Rac1 d4 $2 {>< Ba6,Nb6,d4/} (17... dxc4 18. bxc4 Bxe5 $2 19. Nb3 $18) 18.
Nf3 d3 (18... Bxe5 $2 19. b4 $1 $18) 19. Qd2 Bc8 20. h3 $1 h5 (20... Bf5 21. g4
) 21. Rcd1 Bf5 22. e6 $3 Rxe6 (22... fxe6 23. Bxg7 Kxg7 24. Qc3+ Kg8 25. Ne5
$16) (22... Bxb2 23. exf7+ Kxf7 24. Qxb2 $16) 23. Rxe6 Bxe6 (23... fxe6 24.
Bxg7 Kxg7 25. Qc3+ Kg8 26. Ne5 $16) 24. Bxg7 Kxg7 25. Qc3+ Kg8 26. Rxd3 Rxd3
27. Qxd3 $16 {>< c6,c7,a7/} Nd7 $6 (27... a5 $5 {/\ a4/}) 28. Qc3 Bf5 (28...
Nf8 29. Ne5 Bd7 30. b4 Qd6 31. c5 $16) 29. Nd4 Qe5 30. Qd2 c5 31. Nxf5 $1 Qxf5
32. Qa5 Ne5 33. Qxa7 h4 34. Qa8+ Kg7 35. Qe4 Qf6 36. Qxh4 {1-0 Kasparov,
G-Sokolov,I/Erevan olm 1996}) 14. Bxe5 Qxe5 15. Qxe5 Rxe5 16. cxd5 (16. f4 Re3
17. cxd5 Bxf1 18. Kxf1 cxd5 19. Bxd5 Rae8 20. Nd2 $1 Rd3 $140 21. Ne4 Kg7 22.
Bc4 $13) 16... Bxf1 17. Kxf1 cxd5 18. Nc3 c6 {It's very intresting that the
same position has arised three more times:twice with rook a8 located on f8 in
the games Rublevski,S-Nikolic,P/Polanica Zdroj 1996 and Berthelot,Y-Marciano,D/
Fra-chT 1992 and once with rook a8 and king g8 located accordingly on d8 and
c8 in the game Relange,E-Mikhalevski,V/EU Cup f 1996} 19. Rc1 (19. Na4 {
A try to prevent the centralization of the black king leads to the same
position.For example:} Kf8 (19... Rae8 20. Bf3 (20. Nc5 $6 Re2 21. Nxd7 Kg7)
20... Kf8 21. Nc5 Ke7) 20. Nc5 Ke7 21. Nd3 Re6) 19... Rae8 20. Bf3 Kf8 21. Na4
Ke7 22. Nc5 Kd6 $11 {At this moment I would like to draw your attention to the
fact that above mentioned game Relange,E-Mikhalevski,V reached the same
position with the only difference:the moves h2-h4 and h7-h6 were included!!!}
23. Nd3 R5e7 24. b4 Ra8 $1 25. a4 a5 26. b5 (26. b5 {Now after} Rb8 27. Rc5 Re4
$1 28. Bxe4 $1 dxe4 29. Ne5 $1 Kxc5 $1 30. Nxd7+ Kc4 $1 31. Nxb8 (31. bxc6 Rb1+
32. Ke2 Kd4 (32... Rc1 $19) 33. Nc5 $1 Rb6 $1 34. c7 Rc6 $19) 31... cxb5 32.
axb5 a4 (32... Kxb5 33. Ke2 a4 34. Kd2 $13) 33. b6 a3 34. b7 a2 35. Nc6 a1=Q+
36. Kg2 Qf6 37. Na5+ Kb5 38. b8=Q+ Kxa5 39. Qa8+ Kb6 40. Qxe4 $11 {That's why
the draw was agreed!]}) 1/2-1/2

[Event "FIDE World Cup-C"]
[Site "Shenyang"]
[Date "2000.09.04"]
[Round "4"]
[White "Svidler, Peter"]
[Black "Rizouk, Aimen"]
[Result "1-0"]
[WhiteElo "2689"]
[BlackElo "2350"]
[Annotator "Mikhalevski,V"]
[PlyCount "65"]
[EventDate "2000.09.01"]
[EventType "tourn"]
[EventRounds "5"]
[EventCountry "CHN"]
[EventCategory "15"]
[SourceTitle "CBM 079"]
[Source "ChessBase"]
[SourceDate "2000.11.21"]
[SourceVersion "1"]
[SourceVersionDate "2000.11.21"]
[SourceQuality "1"]

1. e4 e5 2. Nf3 Nc6 3. d4 exd4 4. Nxd4 Nf6 5. Nxc6 bxc6 6. e5 Qe7 7. Qe2 Nd5 8.
c4 Ba6 9. b3 g6 10. f4 Bg7 11. Qf2 Nf6 12. Be2 d6 {[%csl Ra1] Black is trying
to make use of weakness of the a1-h8 diagonal.} (12... Ne4 {is more popular.
Here are few recent examples:} 13. Qe3 f5 14. Ba3 $1 {Morozevich} Qe6 (14... d6
$6 15. Nd2 g5 16. exd6 Nxd6 17. Bh5+ Kf8 18. Qxe7+ Kxe7 19. O-O-O gxf4 20. Nf3
Rhc8 21. Rhe1+ Kf8 22. Nd4 Kg8 23. Nxc6 Kh8 24. Bf3 Bb7 25. Bxd6 cxd6 26. Ne7
Bxf3 27. Nxc8 Bxd1 28. Re8+ Bf8 29. Kxd1 Kg7 30. Nxd6 $1 $18 {1-0 Goloshchapov,
A-Moiseenko,A/Ordzhonikidze UKR 2000 (41)}) 15. Nd2 Nxd2 16. Qxd2 O-O-O 17. Qa5
Bb7 18. O-O d6 (18... Kb8 $2 {Morozevich-Salinnikov,Russian Cup 1998 CBM67
[Mikhalevski,V]}) 19. Qxa7 dxe5 20. c5 exf4 21. Rae1 Rhe8 22. Ba6 Bd4+ 23. Kh1
Qxe1 24. Bxb7+ Kd7 25. Bxc6+ Kxc6 26. Qa6+ Kd5 27. Qc4+ Kc6 28. Qa6+ {1/2-1/2
Rosito,J-Sorin,A/Buenos Aires 1999/EXT 2000 (28)}) 13. Ba3 $1 $146 {
Strengthening the play in Van der Wiel-Beliavsky and inviting to transpose to
12...Ne4.} ({With} 13. Bf3 O-O 14. O-O Bb7 15. Bb2 Nd7 16. exd6 cxd6 17. Bxg7
Kxg7 18. Nc3 Nf6 19. Rad1 Rfd8 20. Rd3 d5 21. cxd5 cxd5 22. Rfd1 $14 {John Van
der Wiel got a slight adge in Van der Wiel,J-Beliavsky,A/Groningen 1994/1/2-1/
2 CBM 45 (38)}) 13... O-O $2 {[%csl Re7,Rf8][%cal Ga3f8][%mdl 16384] Black
puts another peace under a very unpleasant pin along the a3-f8 diagonal.} (
13... Ne4 $6 14. Qe3 f5 {transposes to Goloshchapov,A-Moiseenko,A/
Ordzhonikidze UKR 2000 (41)(12...Ne4 13.Qe3 f5 14.Ba3 d6?!}) (13... Qe6 $5 {
[%csl Ra1][%cal Gd6e5] was interesting creating a direct threat of de.}) 14.
Nc3 $1 {[%cal Ge5f6] Now White is ready for ef and Black has to move the knight
} ({Of course not} 14. exf6 $4 Qxf6 {[%csl Ra1] and Black wins}) 14... Nd7 (
14... Ne8 $6 {is too passive}) 15. O-O $16 {[%csl Rd6][%cal Ga1d1,Ga3f8] Black
is already in trouble.He has not much to do against direct attack of the
d6-pawn with Rad1.} f6 ({Black has no time for taking his pieces away from the
pin as after} 15... Rfe8 16. Bf3 Bb7 17. Rad1 Qe6 {White wins with a simple
but nice tactical blow:} 18. Nb5 $1 (18. Qd2 $5) 18... cxb5 19. Bxb7 Rab8 20.
Bd5 Qf5 21. exd6 $18) (15... c5 {was probably the last chance to stay in life
for a little while.}) 16. exd6 cxd6 17. Rad1 {[%csl Rd6][%cal Gd1d6,Ga3d6] The
d6-pawn is falling.} Nc5 18. Bf3 $1 {[%csl Rc6]} ({Computer's} 18. b4 Ne4 19.
Nxe4 Qxe4 20. b5 $1 {was also sufficient for a win.}) 18... f5 (18... Bb7 {
wouldn't change anything.}) 19. Na4 $1 $18 {[%csl Rc5,Rd6,Re7,Rf8]} ({It
wasn't necessary to complicate the matters with} 19. Bxc6 Bxc3 20. Bxa8 Rxa8
21. Bxc5 dxc5 22. Qf3 {[%csl Ra8,Rc3]} Bd4+ 23. Rxd4 Bb7 24. Rd5 $16) 19...
Nxa4 20. Bxd6 {[%csl Re7,Rf8]} Qf7 (20... Qb7 21. Bxf8 Rxf8 22. bxa4 Bxc4 23.
Rfe1 $18) 21. Bxf8 Rxf8 22. bxa4 Qxc4 ({Or} 22... Bxc4 23. Bxc6 $1 {[%csl Rf7,
Rg8]} Rc8 24. Qf3 $1 $18 {[%cal Gc6d5]}) 23. Qxa7 {Black could resign any
moment now.} Rf7 24. Qb8+ Rf8 25. Qd6 Rc8 26. Rfe1 Qxa4 27. Qe6+ Kh8 28. Qxc8+
$1 {[%csl Rh8] Winning in style} Bxc8 29. Re8+ Bf8 30. Rxf8+ Kg7 31. Rxc8 Qa7+
32. Kh1 Qxa2 33. Rc7+ (33. Rc7+ Kh6 34. Rdd7 {[%csl Rh6]} Qa1+ 35. Bd1 {
[%csl Rh6] with mate in few moves.}) 1-0

[Event "Elgoibar 08th"]
[Site "Elgoibar"]
[Date "1998.11.29"]
[Round "9"]
[White "Van der Wiel, John"]
[Black "Korneev, Oleg"]
[Result "1/2-1/2"]
[WhiteElo "2520"]
[BlackElo "2600"]
[Annotator "Mikhalevski,V"]
[PlyCount "33"]
[EventDate "1998.11.11"]
[EventType "tourn"]
[EventRounds "9"]
[EventCountry "ESP"]
[EventCategory "10"]
[SourceTitle "CBM 069"]
[Source "ChessBase"]
[SourceDate "1999.04.01"]
[SourceVersion "1"]
[SourceVersionDate "1999.04.01"]
[SourceQuality "1"]

1. e4 e5 2. Nf3 Nc6 3. d4 exd4 4. Nxd4 Bc5 5. Nxc6 Qf6 6. Qd2 dxc6 7. Nc3 Qe7
$5 {Morozevich} 8. Qg5 $1 {Mellado Trivino examined this idea two days ago
against Korneev.Van der Wiel tries it again as White was in possession of
initiative during all that game.What have prepared Korneev?} (8. Bd3 Nf6 9. O-O
(9. Qg5 h6 10. Qg3 g5 11. h4 Nh5 12. Qf3 g4 13. Qe2 Qe5 14. g3 Bd4 15. Nd1 Be6
16. c3 Bb6 17. Ne3 O-O-O 18. Bc2 Rhg8 19. a4 a5 20. Rg1 Kb8 21. Bd2 Nf6 22. Ng2
Bc4 {0-1 Landa,K-Ibragimov,I/ch-RUS, St Petersburg RUS 1998 (22) see comments
in CBM67}) 9... O-O 10. Qg5 h6 11. Qg3 (11. Qh4 Ng4 12. Qxe7 Bxe7 13. Bf4 {
1/2-1/2 Baklan,V-Malaniuk,V/Donetsk UKR 1998 (13)}) 11... Nh5 12. Qf3 Qh4 13.
Be2 Nf6 14. e5 {1/2-1/2 Rublevsky,S-Morozevich,A/Russian Club Cup, Maikop RUS
1998 (43) See comments in CBM66} (14. Qf4 $142)) 8... Bd4 $5 $146 {[%mdl 8]
Oleg is not satisfied with the results of his recent game opening and comes
with an interesting novelty.} (8... Nf6 9. Be3 Bd6 10. Bd4 Rg8 11. O-O-O Be6
12. e5 Nd5 13. Ne4 Qxg5+ 14. Nxg5 Be7 15. Nxe6 fxe6 16. c4 $14 {1/2-1/2
Mellado Trivino,J-Korneev,O/Elgoibar ESP 1998 (51)See comments in CBM69.}) 9.
Qxe7+ {What else?} Nxe7 10. Bf4 f5 $5 (10... O-O 11. Bxc7 Re8 {[%cal Ge7d5]}
12. Be2 $1 Ng6 13. Rd1 $1 $16) 11. O-O-O $1 (11. Bxc7 {doesn't promise a lot:}
Bxc3+ 12. bxc3 fxe4 {[%cal Ge8g8,Ge7d5]}) 11... Bxc3 $6 (11... Bxf2 $1 {
Was the only way to equality.} 12. Bxc7 (12. Bc4 $5 $36 {[%csl Re8][%cal Gf4c7]
}) 12... Be6 13. Rd6 $140 Bf7 (13... Kf7 $5) 14. e5 Bc5) 12. Bxc7 $1 {After
this strong intermediate move Black is in danger.} (12. bxc3 fxe4 13. Bxc7 Nd5
$11 {[%cal Ge8g8]}) 12... Bd7 $1 (12... O-O $2 13. Bc4+ $1 Kh8 14. bxc3 $18 {
[%cal Gc7d6] and Black is helpless}) (12... Be6 13. exf5 $1 (13. bxc3 fxe4 14.
Re1 Nd5 15. Be5 O-O {and all the problems behind.}) 13... Bxb2+ (13... Bxa2 14.
bxc3 {[%cal Gc3c4]} Bd5 15. c4 $1 $16 Be4 $140 16. Re1 Bxf5 17. Bd6 $18) 14.
Kxb2 Nxf5 (14... Bxf5 15. Bc4) 15. Bd3 $14 {/+/-.White is better owing to the
pair of strong bishops.}) 13. bxc3 fxe4 14. Re1 O-O $6 (14... Bf5 $142 15. f3
$1 Rf8 (15... Kd7 16. fxe4 $1 Kxc7 17. exf5 Nxf5 18. Bd3 {[%cal Ge1e7]} Rhf8
19. g4 $16) 16. fxe4 Be6 17. a4 Ng6 $14) (14... Rf8 $2 15. Rxe4 Rxf2 $140 $2
16. Bd6 Rf7 17. Bc4 $18) 15. Bd6 $1 Rf7 16. Rxe4 Nd5 17. c4 $14 {/+/-.It's
difficult to understand why draw was agreed.White is a pawn up for nothing and
should continue the game as he doesn't run any risks.The tournament situation
could probably be the only reason of peace agreement.} (17. c4 Nf6 (17... Nc3
$6 18. Re3 Nxa2+ $140 $2 19. Kb2 {[%csl Ra2]}) (17... Bf5 18. Re5 $1 Nc3 19. c5
$1 {[%cal Gf1c4]} Nxa2+ (19... b5 20. cxb6 axb6 21. Bc4 Nd5 22. Rhe1 $16 {
[%cal Ge5e8]}) 20. Kb2 Nb4 21. Bc4 Nd5 22. Rhe1 $16 {[%cal Ge5e8]}) 18. Re1 Rd8
(18... Ng4 $6 19. f3) 19. c5 Nd5 20. f3 $16) 1/2-1/2

[Event "Escaldes zt"]
[Site "Escaldes"]
[Date "1998.11.11"]
[Round "6"]
[White "Magem Badals, Jordi"]
[Black "Hebden, Mark"]
[Result "1-0"]
[WhiteElo "2540"]
[BlackElo "2590"]
[Annotator "Mikhalevski,V"]
[PlyCount "99"]
[EventDate "1998.11.06"]
[EventType "swiss"]
[EventRounds "9"]
[EventCountry "AND"]
[SourceTitle "CBM 068"]
[Source "ChessBase"]
[SourceDate "1999.02.01"]
[SourceVersion "1"]
[SourceVersionDate "1999.02.01"]
[SourceQuality "1"]

1. e4 {Hecht} e5 2. Nf3 Nc6 3. d4 exd4 4. Nxd4 Nf6 5. Nxc6 bxc6 6. e5 Qe7 7.
Qe2 Nd5 8. c4 Nb6 9. Nd2 a5 10. b3 (10. g3 {is the main line.}) (10. Qe4) 10...
a4 11. Bb2 axb3 (11... Qe6 12. g3 Bb4 13. Bg2 {leads into the main line (10.g3)
.See Shabalov-Yurtaev,Elista olm 1998(cbm 68).}) 12. axb3 Rxa1+ 13. Bxa1 Qa3
14. Qd1 Bb4 15. Bd3 Qa5 16. Ke2 $1 {[%cal Gd1c2,Gd2f3] Interesting position
has arised.Black must play quickly to make use of the temporary benefits of
his position.At the same time white has been planning 17.Qc2 followed by 18.
Nf3 taking the advantage in his hands.} (16. Bd4 $6 Bc3 $1 (16... Bb7 $5) 17.
Bxc3 (17. Be3 $6 Bxe5 $5 (17... Qxe5 {0-1 Reefat bin Satter-Sharma,D/Calcutta
1997/CBM 56 ext (40)})) 17... Qxc3 18. Qe2 Qc1+ (18... O-O $5 19. O-O Re8 20.
Nf3 $1 $36 (20. f4 d5 $1 (20... d6 $5))) 19. Qd1 Qc3 $11) 16... d5 $6 $146 {
[%mdl 16384]} (16... O-O $6 17. Qc2 d5 18. Bxh7+ $5 (18. Bd4 {[%cal Gh1a1]}
dxc4 (18... Bxd2 $5) 19. bxc4 (19. Nxc4 Qd5 20. Bxb6 {[%cal Gd3h7,Gh7e4]} Qxg2
$1 21. Bxh7+ Kh8 22. Be4 Bg4+ 23. Ke3 Qh3+ 24. f3 cxb6 $40) 19... Bxd2 20. Qxd2
(20. Ra1 $5) 20... Qxd2+ 21. Kxd2 Be6 22. Kc3 (22. Bxb6 $5) 22... Na4+ 23. Kb4
(23. Kc2 $5) 23... Rd8 $13 {1-0 Dochev,D-Vajda,A/Balkaniad-boys 1993/TD (50)})
18... Kh8 19. Bd3 $16) (16... d6 $1 {Opening of lines is the best way to make
use of an uncastled king!} 17. Nf3 (17. exd6 O-O $1 $40) 17... Bg4 $1 {[%cal
Gd6e5]} 18. exd6 O-O $1 $40 {[%cal Gf8e8]}) 17. Qc2 {[%cal Gd2f3]} ({but not} 
17. exd6 $2 O-O $1 $40) 17... Qc5 $6 (17... Bxd2 $1 18. Qxd2 Qxd2+ 19. Kxd2
dxc4 20. bxc4 Be6 {[%cal Ge8g8] with chances to equalize.}) 18. Nf3 $14 Bg4 19.
Rd1 $1 {It's important not to play 19.h3 immediately as black has no useful
moves.} g6 {The result of the previous move of white.} 20. h3 $1 Bxf3+ 21. Kxf3
{[%csl Ga1,Gd3]} O-O 22. g3 d4 $6 (22... dxc4 $5 23. bxc4 Rd8 {[%cal Gb6c4]}
24. Be2 $1 (24. Bb2 $6 Nxc4 25. Bxc4 Rxd1 26. Bxf7+ (26. Qxd1 $2 Qxc4 27. Qd8+
Bf8 $17) 26... Kxf7 27. Qxd1 Qd5+ $1 $11 28. Ke2 $140 Qe4+ 29. Kf1 Qh1+ 30. Ke2
Qe4+ $11 (30... Qxd1+ $5)) (24. Bxg6 $6 Rxd1 25. Bxh7+ Kh8 26. e6+ $4 {is not
mate} (26. Qxd1 Kxh7 27. Kg2 $1 $11) {because of} 26... Rxa1 $1) 24... Rxd1 (
24... Rd5 25. Qb3 $1 Rxd1 26. Qxd1 {see 24...R:d1}) 25. Qxd1 $16 {For example:}
Nxc4 26. Qd8+ Kg7 27. Qf6+ $1 (27. Bxc4 $2 Qxc4 28. e6+ Kh6 (28... Bc3 $2 29.
e7 $18) 29. Bd4 {[%cal Gd8h4]} Qd5+ $8 30. Qxd5 cxd5 31. exf7 g5 $1 {[%cal
Gh6g6]}) (27. e6+ $5 Ne5+ 28. Kg2 $1 f6 $5 29. Qxc7+ $16 Qe7 $140 30. Qxe7+
Bxe7 31. f4 $1 $18) 27... Kf8 $1 (27... Kg8 28. Kg2 $1 {[%cal Ge5e6]} Qd5+ 29.
Kg1 $1 {[%cal Ge5e6]}) 28. Kg2 Ke8 $1 (28... Qd5+ 29. Kh2 $1 Nd2 30. e6 $1) 29.
Bf3 $1 (29. e6 $5 Nd6 (29... Qd5+ 30. Bf3 Ne3+ 31. Kg1) 30. Bf3 $1) 29... Na5
$8 (29... Ne3+ $2 30. fxe3 Qc2+ 31. Kh1 Qb1+ 32. Kh2 Qa2+ 33. Bg2 Qxa1 34.
Bxc6+ Kf8 35. Qh8+ Ke7 36. Qe8#) 30. e6 fxe6 31. Qxe6+ Qe7 (31... Kf8 32. Qc8+
Kf7 33. Qh8 $1 $18) 32. Qg8+ Kd7 (32... Qf8 33. Qxh7) 33. Bg4+ Kd6 34. Bg7 $1
$18 {[%cal Gg7f8]}) (22... Rd8 $5 23. Be2) 23. Be2 $1 $16 Bc3 $2 {[%mdl 8192]
Right idea,but wrong move order.} (23... Rd8 $2 24. Qe4) (23... f6 $1 24. e6 $8
(24. exf6 $4 Rxf6+ 25. Kg2 Rxf2+ $1 $19 {[%cal Gd4d3]}) 24... Bc3 25. Bxc3 dxc3
26. Kg2 $1 $16 (26. Qxc3 Qh5+ $1)) 24. Bxc3 dxc3 25. Qxc3 f6 26. exf6 $1 {
[%mdl 512]} (26. e6 $2 {is not necessary this time.}) 26... Qh5+ (26... Qf5+
27. Kg2 Qxf6 28. Qxf6 Rxf6 $18) 27. Kg2 Qxe2 28. Re1 $1 {Probably this idea
was missed by Hebden when he had played 23...Bc3.} Qh5 29. Re7 $1 $18 {[%cal
Ge7g7,Gf6f7,Gg7g8] /\30.Rg7,31.f7,32.Rg8#} Nd5 (29... Qh6 30. Qe5 $1 $18 (30.
Rxc7 $5 $18)) 30. cxd5 Qxd5+ 31. Kg1 Rf7 (31... Qd1+ 32. Kh2) 32. Re8+ Rf8 33.
Qe3 $1 {[%cal Ge8f8]} (33. Rxf8+ $5 Kxf8 34. Qb4+ Qd6 (34... c5 35. Qb8+ Kf7
36. Qh8 Qd1+ 37. Kh2 Qf3 38. Qg7+ Ke6 39. Qe7+ Kf5 (39... Kd5 40. Kg1 Qd1+ 41.
Kg2) 40. g4+ Kf4 41. Qe3+) 35. Qb8+ Kf7 36. Qh8 Ke6 $1 $16 37. Qg7 $140 Qd7 $1)
33... Qd1+ (33... Qd7 34. Rxf8+ Kxf8 35. Qh6+ {[%cal Gh6g7] /\Qg7 and pawn
ending is winning for white.}) 34. Kh2 Qd6 (34... Qd7 35. Re7 {[%cal Ge3h6]}
Qf5 36. Rg7+ Kh8 37. Rxh7+ Kxh7 38. Qe7+ Kh6 39. Qxf8+ Kg5 40. f4+) 35. Rxf8+ (
35. Re6 $142 $1 Qd8 (35... Qd5 36. Qh6 Qd7 37. Re7 $18) (35... Qd7 36. Re7 Qf5
37. Rg7+ Kh8 38. Rxh7+ $1 Kxh7 39. Qe7+ $18) 36. Re7 $1 Rxf6 37. Re8+ $18)
35... Kxf8 36. Qh6+ Ke8 37. Qg7 Qe6 (37... Qf8 38. Qxf8+ Kxf8 39. g4 g5 40. h4
h6 41. hxg5 hxg5 42. f4 $18) 38. Qh8+ Kf7 39. Qg7+ Ke8 40. h4 {White is
preparing for the pawn ending.Black is absolutely helpless.} Qf7 41. g4 Qxg7
42. fxg7 Kf7 43. Kg3 Kxg7 {Hecht: '[#] Der ideelle Mehrbauer. Der doppelte
c-Bauer kann nicht aufgelöst werden und ist deshalb nichts wert.'} 44. Kf4 Kf6
45. g5+ $5 Ke6 46. Ke4 Kd6 47. f4 Ke6 (47... c5 {Hecht} 48. f5 gxf5+ 49. Kxf5
$18) 48. b4 c5 49. bxc5 c6 50. f5+ {Hecht: 'einfache und typische
Gewinnführung.'} (50. f5+ gxf5+ 51. Kf4 Kd5 52. Kxf5 Kxc5 53. h5 Kd6 54. Kf6
$18) 1-0